01373cam a2200337 i 45000010011000000030006000110050017000170080041000340100015000750200037000900200015001270200025001420200026001670200026001930350022002190400043002410420008002840820013002921000027003052450085003322640043004173000046004605040052005065200203005586000030007616300039007916500026008306500032008567100021008887760126009091255777575OCoLC20241126110714.0210626s2022 iluab b 001 0 eng c a2021015192 a9781433573804q(trade paperback) a1433573806 z9781433573811q(pdf) z9781433573828q(mobi) z9781433573835q(epub) a(OCoLC)1255777575 aLBSOR/DLCbengerdacDLCdOCLCOdOCLCF apcc a266bCLA1 aClark, Elliot,eauthor10aMission affirmed :brecovering the missionary motivation of Paul /cElliot Clark 1aWheaton, Illinois :bCrossway,c[2022] a253 pages :billustrations, maps ;c22 cm aIncludes bibliographical references and indexes a"Using the example of the apostle Paul, this book shows how God's approval on the last day is what guides the missionary ambition of declaring God's glory among the nations"--cProvided by publisher00aPaul,cthe Apostle, Saint00aBible.pEpistles of PaulxTheology 0aMission of the church 0aMissionsxBiblical teaching2 aGospel Coalition08iOnline version:aClark, Elliot.tMission affirmeddWheaton, Illinois : Crossway, [2022]z9781433573811w(DLC) 2021015193